| 000 | 00395cam a2200157ua 4500 | ||
|---|---|---|---|
| 003 | OSt | ||
| 008 | 221103b |||||||| |||| 00| 0 eng d | ||
| 041 | _aeng | ||
| 082 |
_a320.58 _bMIN/CO |
||
| 245 | _aCollected works of Mahatma Gandhi, Vol 1 / | ||
| 250 | _a1 / | ||
| 260 |
_aIndia : _bMinistry of I&B, Govt. of India , _c1958. |
||
| 300 | _a402 ; . | ||
| 650 |
_aGandhiana _95290 |
||
| 942 | _cBK | ||
| 999 |
_c343 _d343 |
||